1237 1595 1461 1039 1199 1950 1546 1628 1224 1098 1344 1417 1111 1027 1238 1693 1004 1340 1891 1687 1541 1059 1100 1283 1662 1863 1736 1785 1490 1466 1280 1202 1447 1751 1922 1428 1074 1550 1174 1499 1214 1843 1640 1797 1439 1858 1421 1004 1603 1206 1193 1988 1121 1442 1370 1132 1302 1534 1602 1072 1594 1761 1992 1884 1520 1119 1724 1980 1644 1141 1362 1599 1249 1607 1464 1893 1610 1072 1417 1195 1045 1650 1421 1614 1050 1080 1029 1076 1812 1130 1362 1333 1675 1573 1361 1028 1083 1174 1308 BCNSPRNW ULIB Ver.6.0+V

เปลี่ยนเป็นภาษาไทย

Change to English
 แสดงรายละเอียดบรรณานุกรม
  กลับหน้าหลัก

Brief Record : Get Marc (ISO 2709) : E-mail record : QR code < ปิดหน้าต่าง
LEADER : 00000nam 2200000uu 4500
001    13399124223
003     ULIB
008    150202s2003||||th 000 0 tha d
020    9780439567619
099    นง.^bR884H
100 0  Rowling, J.K.
245 00 Harry Potter and the order or the phoenix/^cRowling, J.K.
260    New York:^bArthur A Levene book,^c2003
300    870 page
945    ^p0^l0^i021844
999    ^aเกษร โพธิ์สุวรรณ
รายการนี้ยังไม่มีแท็ก
คุณยังไม่ได้ล็อกอิน คุณสามารถมีกิจกรรมร่วมกับเว็บไซต์ได้ แต่ต้องล็อกอินก่อน ::
  ล็อกอิน

รายการสื่อสารสนเทศ

ลำดับที่ ประเภท เลขเรียก/บาร์โค้ด สถานที่ สถานะ
1. นวนิยาย
นวนิยาย
นง. R884H ฉ.1 
  Barcode: 021844
ห้องสมุดวิทยาเขตนครสวรรค์
►นวนิยาย:l:Fiction
บนชั้น

BibComment


ยังไม่เคยถูกคอมเมนท์

คอมเมนท์ทรัพยากรรายการนี้
  คอมเมนท์: Harry Potter and ..


 Copyright 2026. Bcnsprnw @Library